000 01257nam a22002537a 4500
005 20100618122738.0
008 100618t xxu||||| |||| 00| 0 hin d
010 _aHIN-89551
020 _a8126706244
_c150.00
035 _aHN-61897
037 _bDBAD / PUB
040 _aDPL
_bHN
082 _a
100 _aभाटिया, जितेन्द्र
_922650
245 _aजुस्तजू-ए-निहां उर्फ रूणियाबास की अंतर्कथा /
_cजितेन्द्र भाटिया
246 _aJustu E Nihan urf Runiyabas ki antarkatha
_bby Jitendra Bhatia
260 _aनई दिल्ली
_bराजकमल प्रकाशन
_c2002
270 _a1-बी, नेताजी सुभाष मार्ग
_bनई दिल्ली
_e110002
300 _a151पृ
_c22सेमी (सजिल्द)
650 _aहिन्दी कथा साहित्य
_9657
650 _aHindi Fiction
_922651
942 _2ddc
_cHN
_mभाटिया
_h
999 _c36733
_d36733